Top 50 biggest Cities in Norway - 1 minute sprint - Statistics

General Stats
  • This quiz has been taken 10 times
  • The average score is 8 of 50
Answer Stats
City Population % Correct
Oslo 580,000
100%
Bergen 213,585
70%
Bodo 34,073
70%
Trondheim 147,139
70%
Tromso 52,436
60%
Stavanger 121,610
50%
Alesund 44,096
40%
Drammen 90,722
40%
Fredrikstad 72,760
30%
Kristiansand 63,814
30%
Kristiansund 16,785
30%
Ski 12,513
30%
Skien 50,595
30%
Haugesund 40,321
20%
Molde 18,594
20%
Moss 34,492
20%
Porsgrunn 34,377
20%
Alta 12,077
10%
Hamar 29,479
10%
Horten 17,660
10%
Kongsberg 17,667
10%
Kongsvinger 11,181
10%
Lillestrom 14,000
10%
Mandal 10,143
10%
Mo i Rana 17,853
10%
Sandefjord 42,654
10%
Sarpsborg 52,159
10%
Steinkjer 20,000
10%
Ålgård/Figgjo 9,876
0%
Arendal 30,916
0%
Askim 12,482
0%
Askoy 17,224
0%
Bryne 10,000
0%
Drobak 11,363
0%
Elverum 12,490
0%
Gjovik 17,596
0%
Halden 21,970
0%
Harstad 19,433
0%
Honefoss 13,678
0%
Jessheim 12,365
0%
Larvik 23,113
0%
Leirvik 11,028
0%
Lillehammer 19,096
0%
Narvik 14,114
0%
Nesoddtangen 10,911
0%
Sandnes 63,032
0%
Stjordalshalsen 11,416
0%
Tonsberg 38,914
0%
Vennesla 10,931
0%
Ytrebygda 24,044
0%
No matching quizzes found
Score Distribution
Percent of People with Each Score
Percentile by Number Answered
Your Score History
You have not taken this quiz